| 000 | 00457nam a2200181Ia 4500 | ||
|---|---|---|---|
| 008 | 180207s9999 xx 000 0 und d | ||
| 020 | _a9780618104123 | ||
| 050 | _bW668 2001 | ||
| 100 | _aWild, Margaret | ||
| 245 | _aMidnight babies / | ||
| 245 | _cby Margaret Wild ; illustrated by Anne James. | ||
| 260 | _aNew York : | ||
| 260 | _bClarion Books, | ||
| 260 | _c2001 | ||
| 300 | _aunpaged : | ||
| 300 | _bcolor illustration ; | ||
| 300 | _c28cm. | ||
| 999 |
_c355490 _d355490 |
||